00539nam a22001697a 450000500170000001000130001702000260003003500110005603700160006708200080008310000260009124500570011724600480017426000510022227000730027330000230034620200601154258.0 aUR-10769 c250.00a9789389002478 aU-9324 bDBAD/PUBa- a841 aشميم قا سمی  aخو ا ب ر نگ مو سم cشميم قا سمی  bKhawab Rung Mausam (Urdu)aby Shamim Qasmi  aDelhibEducational Publishing House c2019 ء a3191,Vakil Street,Kucha Pandit Lal Kuan,bDelhie110006k23216162l- a160 ص c22 Cm(Hb)